Sportifs en R - Statistiques

Statistiques générales
  • Ce quiz a été pris 94 fois
  • Le résultat moyen est 13 sur 16
Statistiques - réponses
Par images Réponse % Correct
Frank Ribéry
99%
Wayne Rooney
91%
Antonio Rudiger
90%
Arjen Robben
90%
Marco Reus
88%
Goncalo Ramos
87%
James Rodriguez
87%
Raphinha
86%
Raul
84%
Rodrygo
83%
Marcus Rashford
81%
Rivaldo
81%
Fabian Ruiz
79%
Richarlison
71%
Rai
58%
Romario
40%
Aucun quiz correspondant
Distribution des résultats
% des personnes avec chaque résultat
Percentile par nombre de réponses
Votre historique - résultats
Vous n’avez pas pris ce quiz